Filme erraten mit Bildern - Buchstabe F - Statistiken

Allgemein
  • Dieses Quiz wurde 369 mal gespielt
  • Das Durchschnittsergebnis liegt bei 6 aus 16
Antwortstatistiken
Bildquiz Antwort % Korrekt
Forrest Gump
96%
Flintstones
86%
Fantastic Four
75%
Freddy vs. Jason
64%
Fantasia
59%
Flodder - Eine Familie zum Knutschen
37%
Footloose
37%
Die Farbe Lila
28%
Flutsch und Weg
28%
Falsches Spiel mit Roger Rabbit
27%
Ferris macht blau
26%
Der fantastische Mr. Fox
25%
The Fog
14%
Fame
8%
Funny Girl
4%
Die Frauen von Stepford
3%
Keine übereinstimmenden Quizze gefunden
Verteilung der Resultate
Anzahl Personen mit jedem Resultat
Perzentil nach korrekt beantworteten Fragen
Ihre Resultats-Entwicklung
Sie haben dieses Quiz noch nicht gespielt